Contabilidad de costos: análisis para la toma de decisiones (Registro nro. 4615)
[ vista simple ]
| 000 -CABECERA | |
|---|---|
| campo de control de longitud fija | 00660aam a2200229 4500 |
| 005 - FECHA Y HORA DE ACTUALIZACIÓN | |
| campo de control | 20230302151058.0 |
| 008 - LONGITUD FIJA | |
| campo de control de longitud fija | 150415b2002 xxu||||| |||| 00| 0 spa d |
| 041 ## - IDIOMA | |
| Código de idioma del texto/pista de sonido o título separado | Español |
| 082 ## - CLASIFICACIÓN DECIMAL DEWEY | |
| Número de clasificación | 657.42 T693c2 |
| 100 ## - AUTOR PERSONAL | |
| Nombre de persona | Torres Salinas, Aldo |
| 245 ## - TÍTULO PROPIAMENTE DICHO | |
| Título | Contabilidad de costos: análisis para la toma de decisiones |
| 250 ## - EDICIÓN | |
| Mención de edición | 2 edición |
| 260 ## - PIE DE IMPRENTA | |
| Lugar de publicación, distribución, etc. | México |
| Nombre del editor, distribuidor, etc. | McGraw-Hill |
| Fecha de publicación, distribución, etc. | 2002 |
| 300 ## - DESCRIPCIÓN FÍSICA | |
| Extensión | 308 páginas |
| 650 ## - Materia General | |
| Materia general | CONTABILIDAD DE COSTOS |
| 650 ## - Materia General | |
| Materia general | SISTEMAS DE COSTEO |
| 650 ## - Materia General | |
| Materia general | COSTEO POR ORDENES |
| 650 ## - Materia General | |
| Materia general | COSTOS POR PROCESOS |
| 650 ## - Materia General | |
| Materia general | COSTOS INDIFERENTES |
| 692 ## - Carreras | |
| Carrera | Dirección y Administración de Empresas |
| 942 ## - Punto de Acceso Adicional Koha | |
| Tipo de ítem Koha | Libro |
| Estado perdido | Estado dañado | No para préstamo | Biblioteca permanente | Biblioteca actual | Signatura completa | Código de barras | Precio efectivo a partir del | Programa Académico | Tipo de ítem |
|---|---|---|---|---|---|---|---|---|---|
| Departamento de Biblioteca y Documentación Alfonso Chase Brenes | Departamento de Biblioteca y Documentación Alfonso Chase Brenes | 657.42 T693c2 | 9001 | 09/01/2017 | Dirección y Administración de Empresas | Libro |